<?xml version="1.0" encoding="UTF-8"?>
<marc:record xmlns:marc="http://www.loc.gov/MARC21/slim">
   <marc:leader>00000nam a2200000 a 4500</marc:leader>
   <marc:datafield ind1="1" ind2=" " tag="100">
      <marc:subfield code="a">Ates, Burak</marc:subfield>
   </marc:datafield>
   <marc:datafield ind1="1" ind2=" " tag="100">
      <marc:subfield code="a">Aydin, Ecem</marc:subfield>
   </marc:datafield>
   <marc:datafield ind1="1" ind2=" " tag="100">
      <marc:subfield code="a">Stapfer, Dimitri</marc:subfield>
   </marc:datafield>
   <marc:datafield ind1="1" ind2=" " tag="100">
      <marc:subfield code="a">Gsell, Gitta</marc:subfield>
   </marc:datafield>
   <marc:datafield ind1="0" ind2="0" tag="245">
      <marc:subfield code="a">Beyto [Bildtonträger]</marc:subfield>
   </marc:datafield>
   <marc:datafield ind1="0" ind2="0" tag="245">
      <marc:subfield code="c">ein Film von Gitta Gsell. Mit Burak  Ates, Dimitri Stapfer, Ecem Aydin...</marc:subfield>
   </marc:datafield>
   <marc:datafield ind1=" " ind2="1" tag="264">
      <marc:subfield code="b">Frenetic</marc:subfield>
      <marc:subfield code="c">2021</marc:subfield>
   </marc:datafield>
   <marc:datafield ind1="1" ind2=" " tag="520">
      <marc:subfield code="a">Beyto ist ein fantastischer Schwimmer und cooler Kumpel. Doch als sich der junge Schweizer mit türkischen Wurzeln in seinen attraktiven Trainer Mike verliebt, gerät seine heile Welt durcheinander. Um Tradition und Ehre zu wahren, sehen Beytos Eltern nur einen Ausweg: Ihr Sohn muss so schnell wie möglich eine Frau heiraten! Mit einem Vorwand locken sie ihn in ihr türkisches Heimatdorf und organisieren eine Hochzeit mit Seher, Beytos Freundin aus Kindertagen. Plötzlich befindet sich der junge Mann in einer Dreiecksbeziehung, die ihn zu zerreissen droht: Wie kann er zu Mike stehen, ohne Seher die Zukunft zu rauben?</marc:subfield>
   </marc:datafield>
   <marc:datafield ind1=" " ind2=" " tag="020">
      <marc:subfield code="a">4040592008172</marc:subfield>
      <marc:subfield code="9">4040592008172</marc:subfield>
   </marc:datafield>
   <marc:datafield ind1=" " ind2=" " tag="500">
      <marc:subfield code="a">Orig. : Schweiz 2020. Sprache: Original mit Untertiteln (Dolby Digital 5.1). Untertitel: Deutsch, Englisch, Französisch</marc:subfield>
   </marc:datafield>
   <marc:datafield ind1="0" ind2=" " tag="490">
      <marc:subfield code="v">0</marc:subfield>
   </marc:datafield>
   <marc:datafield ind1=" " ind2=" " tag="300">
      <marc:subfield code="a">1 DVD (98 Min.) : farbig</marc:subfield>
   </marc:datafield>
</marc:record>
